Les 14 pays avec la plus grande population (2025) - Statistiques

Statistiques générales
  • Ce quiz a été pris 233 fois
  • Le résultat moyen est 11 sur 14
Statistiques - réponses
Classement Population Projetée Pays % Correct
2 1 424 864 149 Chine
99%
1 1 448 210 906 Inde
98%
3 342 715 948 États-Unis
97%
9 143 719 551 Russie
93%
7 218 231 924 Brésil
90%
12 122 298 912 Japon
85%
11 129 849 919 Mexique
82%
4 280 914 242 Indonésie
77%
5 247 574 429 Pakistan
77%
6 231 849 161 Nigeria
72%
8 175 568 935 Bangladesh
62%
14 115 382 707 Égypte
61%
13 119 989 407 Philippines
51%
10 131 322 576 Éthiopie
45%
Aucun quiz correspondant
Distribution des résultats
% des personnes avec chaque résultat
Percentile par nombre de réponses
Votre historique - résultats
Vous n’avez pas pris ce quiz